Every Premier League Goalscorer (2022/23) - Statistics

General Stats
  • This quiz has been taken 8,200 times
    1,200 since last reset
  • The average score is 71 of 272
Answer Stats
Player Club Goals % Correct
Bukayo Saka Arsenal 14
86%
Erling Haaland Manchester City 36
82%
Mohamed Salah Liverpool 19
79%
Gabriel Jesus Arsenal 11
75%
Jamie Vardy Leicester City 3
74%
Gabriel Martinelli Arsenal 15
73%
Harry Kane Tottenham Hotspur 30
71%
Martin Ødegaard Arsenal 15
71%
Heung-min Son Tottenham Hotspur 10
69%
Kai Havertz Chelsea 7
68%
Ollie Watkins Aston Villa 15
68%
Bruno Fernandes Manchester United 8
67%
Marcus Rashford Manchester United 17
67%
Phil Foden Manchester City 11
65%
Kevin De Bruyne Manchester City 7
64%
Luis Díaz Liverpool 4
64%
Bernardo Silva Manchester City 4
63%
Gabriel Magalhães Arsenal 3
63%
Virgil van Dijk Liverpool 3
63%
Morgan Gibbs-White Nottingham Forest 5
61%
William Saliba Arsenal 2
61%
Trent Alexander-Arnold Liverpool 2
59%
Darwin Núñez Liverpool 9
57%
Alexander Isak Newcastle United 10
56%
Eberechi Eze Crystal Palace 10
56%
Ivan Toney Brentford 20
56%
Jack Grealish Manchester City 5
56%
Raheem Sterling Chelsea 6
56%
Rodri Manchester City 2
56%
Roberto Firmino Liverpool 11
55%
Ben White Arsenal 2
54%
Declan Rice West Ham United 4
54%
Diogo Jota Liverpool 7
54%
James Maddison Leicester City 10
50%
John Stones Manchester City 2
49%
Dominic Solanke Bournemouth 6
47%
Reece James Chelsea 1
47%
Chris Wood Newcastle United 2
46%
Chris Wood Nottingham Forest 1
46%
Cody Gakpo Liverpool 7
46%
Daniel James Fulham 2
46%
Leandro Trossard Arsenal 1
46%
Leandro Trossard Brighton & Hove Albion 7
46%
Oleksandr Zinchenko Arsenal 1
46%
Thomas Partey Arsenal 3
46%
Bryan Mbeumo Brentford 9
45%
Callum Wilson Newcastle United 18
45%
Harry Wilson Fulham 2
45%
Julián Álvarez Manchester City 9
45%
Michael Olise Crystal Palace 2
45%
İlkay Gündoğan Manchester City 8
44%
Dominic Calvert-Lewin Everton 2
43%
Mason Mount Chelsea 3
43%
Jarrod Bowen West Ham United 5
42%
Riyad Mahrez Manchester City 5
42%
Alejandro Garnacho Manchester United 3
41%
Anthony Gordon Everton 3
41%
Anthony Gordon Newcastle United 1
41%
Kaoru Mitoma Brighton & Hove Albion 7
41%
Luke Shaw Manchester United 1
41%
Alexis Mac Allister Brighton & Hove Albion 10
40%
Casemiro Manchester United 4
40%
Jean-Philippe Mateta Crystal Palace 2
40%
Aleksandar Mitrović Fulham 14
39%
Anthony Martial Manchester United 6
39%
Bruno Guimarães Newcastle United 4
39%
Cristiano Ronaldo Manchester United 1
39%
Jorginho Chelsea 2
39%
Michail Antonio West Ham United 5
38%
Nathan Aké Manchester City 1
38%
Richarlison Tottenham Hotspur 1
38%
Yoane Wissa Brentford 7
37%
Antony Manchester United 4
36%
Curtis Jones Liverpool 3
36%
Danny Welbeck Brighton & Hove Albion 6
36%
Diogo Dalot Manchester United 1
35%
Eddie Nketiah Arsenal 4
35%
Joël Matip Liverpool 1
35%
Patrick Bamford Leeds United 4
35%
Scott McTominay Manchester United 1
35%
Christian Eriksen Manchester United 1
34%
Jadon Sancho Manchester United 6
34%
John McGinn Aston Villa 1
34%
Dejan Kulusevski Tottenham Hotspur 2
33%
Harvey Barnes Leicester City 13
33%
Moisés Caicedo Brighton & Hove Albion 1
33%
Wilfried Zaha Crystal Palace 7
33%
Granit Xhaka Arsenal 7
32%
James Ward-Prowse Southampton 9
32%
Brennan Johnson Nottingham Forest 8
31%
Leon Bailey Aston Villa 4
31%
Lisandro Martínez Manchester United 1
31%
Youri Tielemans Leicester City 3
31%
Ben Chilwell Chelsea 2
29%
Harvey Elliott Liverpool 1
29%
Kieran Trippier Newcastle United 1
29%
Miguel Almirón Newcastle United 11
29%
Joelinton Newcastle United 6
28%
Lewis Dunk Brighton & Hove Albion 1
28%
Adama Traoré Wolverhampton Wanderers 2
27%
Ché Adams Southampton 5
27%
Danny Ings Aston Villa 6
27%
Danny Ings West Ham United 2
27%
Tyrone Mings Aston Villa 1
27%
Bertrand Traoré Aston Villa 2
26%
Fred Manchester United 2
26%
João Cancelo Manchester City 2
26%
Rúben Neves Wolverhampton Wanderers 6
26%
Douglas Luiz Aston Villa 6
25%
Matheus Cunha Wolverhampton Wanderers 2
25%
Reiss Nelson Arsenal 3
25%
Adam Armstrong Southampton 2
24%
Dan Burn Newcastle United 1
24%
Evan Ferguson Brighton & Hove Albion 6
24%
Fabian Schär Newcastle United 1
24%
Lucas Paquetá West Ham United 3
24%
Mateo Kovačić Chelsea 1
24%
Pascal Groß Brighton & Hove Albion 9
24%
Patson Daka Leicester City 4
24%
Pierre-Emerick Aubameyang Chelsea 1
24%
Rodrigo Moreno Leeds United 13
24%
Stuart Armstrong Southampton 2
24%
Tomáš Souček West Ham United 2
24%
Conor Gallagher Chelsea 3
23%
Lucas Digne Aston Villa 1
23%
Pedro Porro Tottenham Hotspur 3
23%
Willian Fulham 5
23%
Ben Davies Tottenham Hotspur 2
22%
Kiernan Dewsbury-Hall Leicester City 2
22%
Pierre-Emile Højbjerg Tottenham Hotspur 4
22%
Eric Dier Tottenham Hotspur 2
21%
Jack Harrison Leeds United 5
21%
Kelechi Iheanacho Leicester City 5
21%
Alex Iwobi Everton 2
20%
Christian Nørgaard Brentford 1
20%
James Tarkowski Everton 1
20%
Marc Guéhi Crystal Palace 1
20%
Odsonne Édouard Crystal Palace 4
20%
Rodrigo Bentancur Tottenham Hotspur 5
20%
Taiwo Awoniyi Nottingham Forest 10
20%
Abdoulaye Doucouré Everton 5
19%
Amadou Onana Everton 1
19%
Andreas Pereira Fulham 4
19%
Dwight McNeil Everton 7
19%
Hee-chan Hwang Wolverhampton Wanderers 2
19%
Jacob Murphy Newcastle United 4
19%
Jacob Ramsey Aston Villa 6
19%
Jakub Kiwior Arsenal 1
19%
Michael Keane Everton 1
19%
Neco Williams Nottingham Forest 1
19%
Ricardo Pereira Leicester City 1
19%
Antoine Semenyo Bournemouth 1
18%
Jordan Ayew Crystal Palace 4
18%
Séamus Coleman Everton 1
18%
Christian Pulisic Chelsea 1
17%
Joachim Andersen Crystal Palace 1
17%
João Félix Chelsea 4
17%
João Gomes Wolverhampton Wanderers 1
17%
Matheus Nunes Wolverhampton Wanderers 1
17%
Noni Madueke Chelsea 1
17%
Solly March Brighton & Hove Albion 7
17%
Wout Faes Leicester City 1
17%
Crysencio Summerville Leeds United 4
16%
Emiliano Buendía Aston Villa 5
16%
Kurt Zouma West Ham United 2
16%
Mathias Jensen Brentford 5
16%
Pervis Estupiñán Brighton & Hove Albion 1
16%
Rob Holding Arsenal 1
16%
Sean Longstaff Newcastle United 1
16%
Wesley Fofana Chelsea 1
16%
Ben Mee Brentford 3
15%
Joe Willock Newcastle United 3
15%
Neal Maupay Everton 1
15%
Philippe Coutinho Aston Villa 1
15%
Phillip Billing Bournemouth 7
15%
Adam Lallana Brighton & Hove Albion 2
14%
Emerson Palmieri West Ham United 1
14%
Fábio Vieira Arsenal 1
14%
João Palhinha Fulham 3
14%
Kalidou Koulibaly Chelsea 2
14%
Lucas Moura Tottenham Hotspur 1
14%
Ashley Young Aston Villa 1
13%
Diego Costa Wolverhampton Wanderers 1
13%
Ethan Pinnock Brentford 3
13%
Sam Greenwood Leeds United 1
13%
Vitaly Janelt Brentford 3
13%
Wilfried Gnonto Leeds United 2
13%
Conor Coady Everton 1
12%
Craig Dawson Wolverhampton Wanderers 1
12%
Demarai Gray Everton 4
12%
Kyle Walker-Peters Southampton 1
12%
Oliver Skipp Tottenham Hotspur 1
12%
Rayan Aït-Nouri Wolverhampton Wanderers 1
12%
Yerry Mina Everton 2
12%
Bobby Decordova-Reid Fulham 4
11%
Brenden Aaronson Leeds United 1
11%
Emerson Royal Tottenham Hotspur 2
11%
Jefferson Lerma Bournemouth 5
11%
Jeffrey Schlupp Crystal Palace 3
11%
Julio Enciso Brighton & Hove Albion 4
11%
Luke Ayling Leeds United 2
11%
Marcus Tavernier Bournemouth 5
11%
Saïd Benrahma West Ham United 6
11%
Timothy Castagne Leicester City 2
11%
Tim Ream Fulham 1
11%
Tom Cairney Fulham 2
11%
Armando Broja Chelsea 1
10%
Benoît Badiashile Chelsea 1
10%
Fábio Carvalho Liverpool 2
10%
Joël Veltman Brighton & Hove Albion 1
10%
Marc Albrighton Leicester City 1
10%
Marcos Senesi Bournemouth 2
10%
Matt Doherty Tottenham Hotspur 1
10%
Pablo Fornals West Ham United 3
10%
Roméo Lavia Southampton 1
10%
Theo Walcott Southampton 2
10%
Alex Oxlade-Chamberlain Liverpool 1
9%
Allan Saint-Maximin Newcastle United 1
9%
Harrison Reed Fulham 3
9%
Kenny Tete Fulham 1
9%
Luis Sinisterra Leeds United 5
9%
Nayef Aguerd West Ham United 2
9%
Rasmus Kristensen Leeds United 3
9%
Ryan Christie Bournemouth 1
9%
Ryan Sessegnon Tottenham Hotspur 2
9%
Tetê Leicester City 1
9%
Çağlar Söyüncü Leicester City 1
8%
Daniel Podence Wolverhampton Wanderers 6
8%
Danilo Nottingham Forest 3
8%
Gianluca Scamacca West Ham United 3
8%
Issa Diop Fulham 1
8%
Ivan Perišić Tottenham Hotspur 1
8%
Liam Cooper Leeds United 1
8%
Nampalys Mendy Leicester City 1
8%
Serge Aurier Nottingham Forest 1
8%
Carlos Vinícius Fulham 5
7%
Jaidon Anthony Bournemouth 3
7%
Josh Dasilva Brentford 4
7%
Kieffer Moore Bournemouth 4
7%
Manuel Lanzini West Ham United 1
7%
Pablo Sarabia Wolverhampton Wanderers 1
7%
Pascal Struijk Leeds United 2
7%
Arnaut Danjuma Tottenham Hotspur 1
6%
Carlos Alcaraz Southampton 4
6%
Cheikhou Kouyaté Nottingham Forest 1
6%
Dango Ouattara Bournemouth 1
6%
Deniz Undav Brighton & Hove Albion 5
6%
Gonçalo Guedes Wolverhampton Wanderers 1
6%
Joe Aribo Southampton 2
6%
Junior Firpo Leeds United 1
6%
Orel Mangala Nottingham Forest 1
6%
Stefan Bajčetić Liverpool 1
6%
Dennis Praet Leicester City 1
5%
Emmanuel Dennis Nottingham Forest 2
5%
Facundo Buonanotte Brighton & Hove Albion 1
5%
James Tomkins Crystal Palace 1
5%
Joe Worrall Nottingham Forest 1
5%
Jonny Otto Wolverhampton Wanderers 1
5%
Kamaldeen Sulemana Southampton 2
5%
Pontus Jansson Brentford 1
5%
Tosin Adarabioyo Fulham 1
5%
Duje Ćaleta-Car Southampton 1
4%
Lewis O’Brien Nottingham Forest 1
4%
Manor Solomon Fulham 4
4%
Sékou Mara Southampton 1
4%
Ellis Simms Everton 1
3%
Lyanco Southampton 1
3%
Marc Roca Leeds United 1
3%
Mohamed Elyounoussi Southampton 1
3%
Romain Perraud Southampton 2
3%
Sam Surridge Nottingham Forest 1
3%
Matías Viña Bournemouth 2
2%
No matching quizzes found
Score Distribution
Percent of People with Each Score
Percentile by Number Answered
Your Score History
You have not taken this quiz since the last reset